| 000 | 00567nam a2200241Ia 4500 | ||
|---|---|---|---|
| 008 | 190123s9999 xx 000 0 und d | ||
| 020 | _a9780545007245 | ||
| 050 | _bA759 2008 | ||
| 100 | _aArnold, Tedd | ||
| 245 | 0 | _aHooray for fly guy! / | |
| 245 | 0 | _cby Tedd Arnold. | |
| 260 | _aNew York, New York : | ||
| 260 | _bScholastic, | ||
| 260 | _c2008 | ||
| 300 | _a30 pages : | ||
| 300 | _bcolored illustrations ; | ||
| 300 | _c23cm. | ||
| 500 | _a380L | ||
| 650 | _aFlies. | ||
| 650 | _aFootball stories. | ||
| 650 | _aFootball. | ||
| 700 | _aTitle. | ||
| 999 |
_c361057 _d361057 |
||